000 02986nam a2200397Ia 4500
001 eep9781785361289
003 DLC
005 20210215104124.0
006 m o d
007 cr un|||||||||
008 151209s2016 mau eob 001 0 eng
020 _a9781785361289 (e-book)
040 _aDLC
_beng
_cDLC
_dUtOrBLW
042 _apcc
043 _ae------
050 4 _aHD9502.E852
_bS55 2016
100 1 _aSkjærseth, Jon Birger.
245 1 0 _aLinking EU climate and energy policies
_h[electronic resource] :
_bdecision-making, implementation and reform /
_cJon Birger Skjærseth, Lars H. Gulbrandsen, Per Ove Eikeland, Torbjørg Jevnaker.
260 _aNorthampton, MA :
_bEdward Elgar Publishing, Inc.,
_cc. 2016.
300 _a1 online resource (288 p.) ;
_ccm.
490 1 _aNew horizons in environmental politics
504 _aIncludes bibliographical references and index.
505 0 _a1. Introduction -- 2. Analytical framework -- 3. Evolution of EU climate and energy policies -- 4. Initiating the package for 2020 -- 5. Deciding the package for 2020 -- 6. Implementation in Germany -- 7. Implementation in Poland -- 8. Implementation in the Netherlands -- 9. Implementation in Norway -- 10. Comparative implementation and consequences for EU 2030 -- 11. Conclusions and the road ahead.
520 _aBased on an innovative theoretical framework combining theories of EU policymaking, negotiation and implementation, this comprehensive book examines EU climate and energy policies from the early 1990s until the adoption of new policies for 2030. The authors investigate how the linking of climate and energy concerns in policy packages has facilitated agreement among EU leaders with very different policy ambitions. Employing in-depth studies from a diverse range of energy-economic countries, the book also explores the impact of domestic policy implementation experiences on the 2030 climate and energy policy framework and the Energy Union initiative. Social scientists and researchers in EU climate and energy policies will find the new empirical data and theoretical approach useful to their work. Students of the social sciences and politics will also benefit from the accessible overview of EU climate and energy policy development. This book will also be of interest to private and public decision-makers looking for explanations for the causes and consequences of EU climate and energy policy development.
588 _aDescription based on print record.
650 0 _aEnergy policy
_zEuropean Union countries.
650 0 _aClimatic changes
_xGovernment policy
_zEuropean Union countries.
655 0 _aElectronic books.
700 1 _aGulbrandsen, Lars H.
700 1 _aEikeland, Per Ove,
_d1963-
700 1 _aJevnaker, Torbjørg.
710 2 _aEdward Elgar Publishing.
776 1 _z9781785361272 (hardback)
830 0 _aNew horizons in environmental politics.
856 4 0 _uhttps://www.elgaronline.com/view/9781785361272.xml
999 _c28626
_d28626